Big & Little / (Record no. 3265)

MARC details
000 -LEADER
fixed length control field 00813nam a22002657a 4500
001 - CONTROL NUMBER
control field 3265
003 - CONTROL NUMBER IDENTIFIER
control field FISKH
005 - DATE AND TIME OF LATEST TRANSACTION
control field 20250530143833.0
008 - FIXED-LENGTH DATA ELEMENTS--GENERAL INFORMATION
fixed length control field 240222b cb ||||| |||| 00| 0 eng d
020 ## - INTERNATIONAL STANDARD BOOK NUMBER
International Standard Book Number 9780439785020
040 ## - CATALOGING SOURCE
Original cataloging agency FISKH
Language of cataloging eng
Transcribing agency FISKH
Modifying agency FISKH
050 ## - LIBRARY OF CONGRESS CALL NUMBER
Classification number QL799.J46
082 ## - DEWEY DECIMAL CLASSIFICATION NUMBER
Classification number 591.4
100 ## - MAIN ENTRY--PERSONAL NAME
Personal name Jenkins, Steve
Dates associated with a name 1952-2021
245 ## - TITLE STATEMENT
Title Big & Little /
Statement of responsibility, etc. Steve Jenkins
260 ## - PUBLICATION, DISTRIBUTION, ETC.
Place of publication, distribution, etc. New York :
Name of publisher, distributor, etc. Scholastic,
Date of publication, distribution, etc. 1996
300 ## - PHYSICAL DESCRIPTION
Extent 30 unnumbered pages :
Other physical details color illustrations :
Dimensions 21 cm
505 ## - FORMATTED CONTENTS NOTE
Formatted contents note G<br/>
520 ## - SUMMARY, ETC.
Summary, etc. Illustrates the concept of size by comparing different animals, from the smallest visible animals to the largest.
521 ## - TARGET AUDIENCE NOTE
Target audience note 300<br/>
Source Lexile Adjusted <br/>
521 ## - TARGET AUDIENCE NOTE
Target audience note G<br/>
Source Ras-Plus<br/>
650 ## - SUBJECT ADDED ENTRY--TOPICAL TERM
Topical term or geographic name entry element Concept
Form subdivision Animals
General subdivision Math
942 ## - ADDED ENTRY ELEMENTS (KOHA)
Source of classification or shelving scheme Dewey Decimal Classification
Koha item type Books
Suppress in OPAC No
Holdings
Withdrawn status Lost status Source of classification or shelving scheme Damaged status Not for loan Collection Home library Current library Shelving location Date acquired Total Checkouts Full call number Barcode Date last seen Copy number Price effective from Koha item type
    Dewey Decimal Classification     Non-Fiction Footprints International School Library Network Toul Kork Campus Footprints International School Library Network Toul Kork Campus TK Primary Library Room(4th Floor), Bookcase 7, Shelves 57-60, Dark Green Books 05/30/2025   JEN 591.4 QL799.J46 2024-0098 02/22/2024 1 05/30/2025 Books
    Dewey Decimal Classification     Non-Fiction Footprints International School Library Network Toul Kork Campus Footprints International School Library Network Toul Kork Campus TK Primary Library Room(4th Floor), Bookcase 7, Shelves 57-60, Dark Green Books 05/30/2025   JEN 591.4 QL799.J46 FISBK05226 05/30/2025 2 05/30/2025 Books